000 00292nam a2200133Ia 4500
100 _aKumbhojkar/G.v
942 _cBK
654 _amathematics III
245 _aApplied Mathematics III
260 _bC.Jamnadas&co.
_aPune
_c2006
082 _a511/KUM
_bKUM
546 _aENGLISH
999 _c28497
_d28497